| 000 | 01350cam a2200325Mu 4500 | ||
|---|---|---|---|
| 001 | vtls003268192 | ||
| 003 | MY-SjTCS | ||
| 005 | 20200226120330.0 | ||
| 006 | m o d | ||
| 007 | cr cnu---unuuu | ||
| 008 | 150804s2014 xx o 000 0 eng d | ||
| 020 | _a9781135020705 (electronic bk.) | ||
| 020 | _a1135020701 (electronic bk.) | ||
| 035 | _a(OCoLC)890090580 | ||
| 035 | _aocn890090580 | ||
| 039 | 9 |
_y201508041016 _zshuhada |
|
| 040 |
_aEBLCP _beng _cEBLCP _dN$T _dYDXCP _dOCLCF |
||
| 082 | 0 | 4 |
_a306.07 _223 |
| 100 | 1 | _aTakacs, Stacy. | |
| 245 | 1 | 0 |
_aInterrogating Popular Culture _h[electronic resource] : _bKey Questions. |
| 260 |
_aHoboken : _bTaylor and Francis, _c2014. |
||
| 300 | _a1 online resource (269 p.) | ||
| 500 | _aDescription based upon print version of record. | ||
| 650 | 0 |
_aPopular culture _xStudy and teaching. |
|
| 650 | 0 |
_aCulture _xStudy and teaching. _98784 |
|
| 650 | 0 |
_aMass media _xStudy and teaching. _913690 |
|
| 655 | 4 | _aElectronic books. | |
| 776 | 0 | 8 |
_iPrint version: _aTakacs, Stacy _tInterrogating Popular Culture : Key Questions _dHoboken : Taylor and Francis,c2014 _z9780415841184 |
| 856 | 4 | 0 |
_uhttps://ezproxy.taylors.edu.my/login?url=http://search.ebscohost.com/login.aspx?direct=true&scope=site&db=nlebk&db=nlabk&AN=841286 _zAn electronic book accessible through the World Wide Web; click to view |
| 999 | _c162595 | ||